| 000 | 00499nam a2200181Ia 4500 | ||
|---|---|---|---|
| 001 | 16619 | ||
| 005 | 20260306170323.0 | ||
| 008 | 260306t2023||||xx |||||||||||||| ||und|| | ||
| 041 | _aESP | ||
| 082 |
_a348.8 _bP42T |
||
| 100 |
_aPeña Camarena, Humbelino, _eAUT |
||
| 245 | 0 |
_aLa teoría del caso en el proceso laboral : _bherramienta estratégica para la litigación oral |
|
| 260 | _c2023 | ||
| 300 |
_a254 páginas : _c25 cm. |
||
| 650 | _aGEN | ||
| 654 | _aCDE | ||
| 942 |
_cLIB _dJUS _fJUS _2ddc _n |
||
| 999 |
_c16619 _d16619 |
||